Instruccion formada por los señores del Consejo en consequencia de lo resuelto por su Magestad, de lo que mas principalmente deben observar los escrivanos del numero, ayuntamiento, y notarios de estos reyno, conforme à lo prevenido por las leyes, y autos acordados, que en ella se citan

Detalles Bibliográficos
Autor Corporativo: España. Leyes, decretos, etc
Formato: Libro
Lenguaje:Spanish
Publicado: en [Madrid] : por Antonio Sanz, impressor del Rey [Nuestro Señ]or, y su Real Consejo, 1751.
Materias:
Colección:Banco de datos
Acervo:Seminario Conciliar de Nuestra Señora de Guadalupe Querétaro. Qro.. Biblioteca Florencio Rosas. Fondo Reservado
Descripción Física:24 h. ; f°
Tema general:Derecho civil
Notas:Portada tipográfica con escudo real y pleca en grabado xilográfico. Texto a renglón seguido con foliación en números arábigos, signaturas y reclamos. Incluye letra capitular con motivos florales en grabado xilográfico. Rúbrica al final del texto
LEADER 01209nam a22002050004500
035 |a 2957 
041 0 |a spa 
110 1 |a España. Leyes, decretos, etc. 
240 1 0 |a Instrucción, 1750-11-28 
245 1 0 |a Instruccion formada por los señores del Consejo en consequencia de lo resuelto por su Magestad, de lo que mas principalmente deben observar los escrivanos del numero, ayuntamiento, y notarios de estos reyno, conforme à lo prevenido por las leyes, y autos acordados, que en ella se citan 
260 |a en [Madrid] : por Antonio Sanz, impressor del Rey [Nuestro Señ]or, y su Real Consejo, 1751. 
300 |a 24 h. ; f°  
500 |a Portada tipográfica con escudo real y pleca en grabado xilográfico. Texto a renglón seguido con foliación en números arábigos, signaturas y reclamos. Incluye letra capitular con motivos florales en grabado xilográfico. Rúbrica al final del texto 
501 |a 53 obras  
504 |a Copia certificada impresa del original  
650 1 0 |a Derecho civil  
949 |a Fondo Reservado: 6136-U 
942 |c QUER-RES 
943 |g Seminario Conciliar de Nuestra Señora de Guadalupe Querétaro. Qro.. Biblioteca Florencio Rosas. Fondo Reservado 
999 |c 1110621  |d 1110621